|
|
|
|
| LEADER |
00000nam a2200000 a 4500 |
| 001 |
vtls001154265 |
| 003 |
SK-MaSNL |
| 005 |
20260302031442.0 |
| 008 |
240314s1991 CS 0 cze |
| 020 |
|
|
|a 8020702970
|
| 035 |
|
|
|a SNK000097152
|
| 040 |
|
|
|a SNK
|b slo
|c SNK
|e AACR2
|
| 041 |
0 |
|
|a cze
|
| 044 |
|
|
|a [CS]
|
| 100 |
1 |
|
|a Sayers, Dorothy L.
|q (Dorothy Leigh),
|d 1893-1957
|4 aut
|9 244774
|
| 245 |
1 |
0 |
|a 3 x Lord Petr
|c Dorothy L. Sayersová
|
| 250 |
|
|
|a 2. vyd.
|
| 260 |
|
|
|a Praha
|b Odeon
|c 1991
|
| 919 |
|
|
|a 80-207-0297-0
|
| 999 |
|
|
|c 1052425
|d 1054355
|
| 952 |
|
|
|t P60, <04>, [BOOK], {604}
|a SNK
|b SNK
|y VYP
|7 0
|p 17A0193082
|o snkIC 118837
|0 0
|1 0
|4 0
|d 1999-06-02
|l 0
|r 2005-01-01 00:00:00
|w 2026-02-24
|